000 00673nam a2200277Ia 4500
005 20260324143147.0
008 008 260324s9999 xx 000 0 eng d
020 _a9781003389255
037 _aEBOOK
040 _aCRL
040 _beng
040 _cCRL
041 _2eng
041 _aeng
084 _qCRL
100 _aMichael Ellman; Vladimir Kontorovich
_91205101
245 4 _aThe Disintegration of the Soviet Economic System
260 _bTaylor and Francis
260 _c1992
365 _a
365 _b195
856 _uhttp://www.taylorfrancis.com/books/9781003389255
942 _cEBOOK
999 _c1819678
_d1819678